Countries With 'V' Quiz Stats

 Plays Quiz Updated Nov 17, 2017

Score 0/18 Timer 04:00
4 Plays Today
Country % Correct
Venezuela
88.7%
Vietnam
72.9%
Vatican City
68.9%
Vanuatu
62.9%
Latvia
62.4%
Slovakia
57.8%
Slovenia
55.9%
Bolivia
53.4%
Tuvalu
51.2%
Country % Correct
Moldova
46.8%
Kosovo
41.9%
Bosnia and Herzegovina
41.1%
St. Vincent and the Grenadines
40.3%
Côte d'Ivoire
37.4%
St. Kitts and Nevis
37.1%
Maldives
36%
El Salvador
31.8%
Cabo Verde
30.9%

You're not logged in!

Compare scores with friends on all Sporcle quizzes.
OR
Log In

Sporcle TV

Today on Sporcle TV


Watch our educational content, quiz creation guides, and fun videos on Sporcle TV.

Show Comments

Extras

Top Quizzes Today


Score Distribution

Your Account Isn't Verified!

In order to create a playlist on Sporcle, you need to verify the email address you used during registration. Go to your Sporcle Settings to finish the process.

Report this User

Report this user for behavior that violates our Community Guidelines.

Details: